Welcome to the Holygrace Academy Library

Please use search bar below to get started

BHAL AKSHAR GEETH (Record no. 4595)

MARC details
000 -LEADER
fixed length control field 00226nam a22001097a 4500
082 ## - DEWEY DECIMAL CLASSIFICATION NUMBER
Classification number 494
Item number SRI/B
245 ## - TITLE STATEMENT
Title BHAL AKSHAR GEETH
260 ## - PUBLICATION, DISTRIBUTION, ETC. (IMPRINT)
Place of publication MADURAI
Name of publisher SRI RAM PUBLICATIONS
300 ## - PHYSICAL DESCRIPTION
Number of Pages 16
650 ## - SUBJECT ADDED ENTRY--TOPICAL TERM
Topical Term POEM
Geographic subdivision INDIA
942 ## - ADDED ENTRY ELEMENTS (KOHA)
Koha item type Books
Holdings
Withdrawn status Lost status Collection code Home library Current library Shelving location Date acquired Source of acquisition Full call number Accession Number Koha item type
    Non-fiction Main Library Main Library SHELF-16F- HINDI FICTIONS,SHORT STORIES 17/11/2006 PURCHASE 494 SRI/B 01209 Books